Global media economics : commercialization, concentration, and integration of world media markets /

Bibliographic Details
Other Authors: Albarran, Alan B., Chan-Olmsted, Sylvia M.
Format: Book
Language:English
Published: Ames : Iowa State University Press, 1998.
Edition:1st ed.
Subjects:

MARC

Tag First Indicator Second Indicator Subfields
LEADER 00000cam a2200000 a 4500
001 in00001432200
005 20151020094114.0
008 980210s1998 iau b s001 0 eng
010 |a  98014142  
020 |a 081382690X (alk. paper) 
035 |a (OCoLC)38478561 
035 |9 AHS3575AM 
040 |a DLC  |c DLC  |d TXA  |d UtOrBLW 
049 |a TXAM 
050 0 0 |a P96.E25  |b G57 1998 
082 0 0 |a 338.4/730223  |2 21 
245 0 0 |a Global media economics :  |b commercialization, concentration, and integration of world media markets /  |c [edited by] Alan B. Albarran and Sylvia M. Chan-Olmsted. 
250 |a 1st ed. 
264 1 |a Ames :  |b Iowa State University Press,  |c 1998. 
300 |a xiii, 362 pages ;  |c 24 cm. 
336 |a text  |b txt  |2 rdacontent 
337 |a unmediated  |b n  |2 rdamedia 
338 |a volume  |b nc  |2 rdacarrier 
500 |a Companion volume to: Media economics : understanding markets, industries, and concepts / Alan B. Albarran. 1996. 
504 |a Includes bibliographical references and index. 
650 0 |a Mass media  |x Economic aspects. 
700 1 |a Albarran, Alan B. 
700 1 |a Chan-Olmsted, Sylvia M. 
700 1 |a Albarran, Alan B.  |t Media economics. 
948 |a c:jh 
999 |a MARS 
999 f f |s e26d6aae-afb0-32cc-9900-bc597e6302a0  |i f2f2c3a8-a784-31bb-8901-8f963a255ddd  |t 0 
952 f f |p ric  |a Texas A&M University  |b Rellis Campus  |c Joint Library Facility  |s JLF  |d Remote Storage  |t 0  |e P96.E25 G57 1998  |h Library of Congress classification  |i unmediated -- volume  |m A14823470742 
998 f f |a P96.E25 G57 1998  |t 0  |l Remote Storage